|
|
|
|
| LEADER |
00000naa2a2200000 4500 |
| 001 |
607605 |
| 005 |
20260311140140.0 |
| 035 |
|
|
|a (RuTPU)RU\TPU\conf\5011
|
| 035 |
|
|
|a RU\TPU\conf\5010
|
| 090 |
|
|
|a 607605
|
| 100 |
|
|
|a 20140805d2013 k y0rusy50 ca
|
| 101 |
0 |
|
|a rus
|
| 102 |
|
|
|a RU
|
| 135 |
|
|
|a drcn ---uucaa
|
| 181 |
|
0 |
|a i
|
| 182 |
|
0 |
|a b
|
| 200 |
1 |
|
|a Ирония в политическом медиа - дискурсе: переводческий аспект
|f П. Е. Печенкина
|g науч. рук. С. Л. Васильева
|
| 203 |
|
|
|a Текст
|c электронный
|
| 225 |
1 |
|
|a Языковая и речевая коммуникация: дискурсы, жанры, стратегии
|
| 300 |
|
|
|a Заглавие с титульного экрана
|
| 320 |
|
|
|a [Библиогр.: с. 202 (8 назв.)]
|
| 337 |
|
|
|a Adobe Reader
|
| 461 |
|
1 |
|0 (RuTPU)RU\TPU\conf\4568
|t Коммуникативные аспекты языка и культуры
|o сборник материалов XIII Международной научно-практической конференции студентов и молодых ученых, г. Томск, 28-30 мая 2013 г.
|o в 3 ч.
|f Национальный исследовательский Томский политехнический университет (ТПУ), Институт международного образования и языковой коммуникации (ИМОЯК) ; под ред. С. А. Песоцкой
|d 2013
|
| 463 |
|
0 |
|0 (RuTPU)RU\TPU\conf\4572
|t Ч. 2
|v [С. 200-202]
|d 2013
|
| 610 |
1 |
|
|a труды учёных ТПУ
|
| 610 |
1 |
|
|a электронный ресурс
|
| 610 |
1 |
|
|a ирония
|
| 610 |
1 |
|
|a политика
|
| 610 |
1 |
|
|a медиа - дискурс
|
| 610 |
1 |
|
|a переводы
|
| 610 |
1 |
|
|a СМИ
|
| 700 |
|
1 |
|a Печенкина
|b П. Е.
|
| 702 |
|
1 |
|a Васильева
|b С. Л.
|c лингвист
|c доцент Томского политехнического университета, кандидат филологических наук
|f 1978-
|g Светлана Леонидовна
|4 727
|
| 712 |
0 |
2 |
|a Национальный исследовательский Томский политехнический университет (ТПУ)
|b Институт международного образования и языковой коммуникации (ИМОЯК)
|b Кафедра лингвистики и переводоведения (ЛиП)
|3 (RuTPU)RU\TPU\col\18972
|
| 801 |
|
2 |
|a RU
|b 63413507
|c 20140805
|g RCR
|
| 856 |
4 |
|
|u http://www.lib.tpu.ru/fulltext/c/2013/C77/V2/048.pdf
|
| 942 |
|
|
|c BK
|